header

The staff of Oedipus (Record no. 136801)

MARC details
000 -LEADER
fixed length control field 01275nam a2200325Ia 4500
082 04 - DEWEY DECIMAL CLASSIFICATION NUMBER
Classification number 362.4/0938
100 1# - MAIN ENTRY--AUTHOR NAME
Personal name Rose, Martha L.,
245 14 - TITLE STATEMENT
Title The staff of Oedipus
260 ## - PUBLICATION, DISTRIBUTION, ETC. (IMPRINT)
Place of publication Ann Arbor :
Name of publisher University of Michigan Press,
Year of publication c2003.
300 ## - PHYSICAL DESCRIPTION
Number of Pages ix, 154 p. :
Other physical details ill.
490 1# - SERIES STATEMENT
Series statement Corporealities
650 #0 - SUBJECT ADDED ENTRY--TOPICAL TERM
Topical Term People with disabilities
856 40 - ELECTRONIC LOCATION AND ACCESS
Uniform Resource Identifier http://site.ebrary.com/lib/rucke/Doc?id=10447298

No items available.

© 2026 Rongo University
Contact us: librarian | system librarian | Rongo university